[Event "CZE-chT2B 1920"]
[Site "Czech Republic"]
[Date "2019.11.03"]
[Round "2.6"]
[White "Huttner, Milos"]
[Black "Bauer, Jindrich"]
[Result "1-0"]
[WhiteElo "2015"]
[BlackElo "2105"]
[PlyCount "111"]
[EventDate "2019.10.13"]
[EventType "team-tourn"]
[EventRounds "11"]
[EventCountry "CZE"]
[SourceTitle "EXT 2024"]
[Source "ChessBase"]
[SourceDate "2023.10.10"]
[SourceVersion "1"]
[SourceVersionDate "2023.10.10"]
[SourceQuality "1"]
[WhiteTeam "Karlovy Vary Tietz II"]
[BlackTeam "Kolesovice Cesky Lev"]
[WhiteTeamCountry "CZE"]
[BlackTeamCountry "CZE"]

1. e4 c5 2. Nf3 d6 3. d4 cxd4 4. Nxd4 Nf6 5. Nc3 a6 6. Be2 e5 7. Nb3 Be7 8. Be3 Be6 9. Qd2 Nbd7 10. 0-0-0 Rc8 11. f3 b5 12. g4 Nb6 13. g5 Nh5 14. Nd5 Bxd5 15. exd5 Nc4 16. Bxc4 bxc4 17. Na1 0-0 18. c3 f5 19. h4 Ng3 20. Rhg1 f4 21. Bf2 Nf5 22. Nc2 Qe8 23. Qe2 Qh5 24. Rg4 Rf7 25. Na3 Rcf8 26. Rdg1 Ne3 27. Nxc4 Nxg4 28. Rxg4 Qg6 29. Nd2 Qf5 30. Ne4 Qc8 31. Kc2 Qb7 32. Qd3 Rb8 33. b3 a5 34. Rg1 Bf8 35. c4 a4 36. Qc3 Qa6 37. Rb1 Rc7 38. Nd2 g6 39. Kd3 Bg7 40. Qc2 Rcb7 41. Ne4 axb3 42. axb3 Qa3 43. Nd2 Ra8 44. Ne4 Rab8 45. Nd2 Kf7 46. Ke2 Qa6 47. Ne4 Bf8 48. Rb2 Ra8 49. Nc3 Be7 50. Ra2 Qa3 51. Rxa3 Rxa3 52. Nb5 Ra1 53. Qb2 Rh1 54. Qa3 Kg7 55. Qa8 Rd7 56. Qe8 1-0

[Event "CZE-chT2B 1920"]
[Site "Czech Republic"]
[Date "2019.10.13"]
[Round "1.5"]
[White "Bicek, Richard"]
[Black "Huttner, Milos"]
[Result "1/2-1/2"]
[WhiteElo "2134"]
[BlackElo "2015"]
[PlyCount "100"]
[EventDate "2019.10.13"]
[EventType "team-tourn"]
[EventRounds "11"]
[EventCountry "CZE"]
[SourceTitle "EXT 2024"]
[Source "ChessBase"]
[SourceDate "2023.10.10"]
[SourceVersion "1"]
[SourceVersionDate "2023.10.10"]
[SourceQuality "1"]
[WhiteTeam "Karlovy Vary Tietz"]
[BlackTeam "Karlovy Vary Tietz II"]
[WhiteTeamCountry "CZE"]
[BlackTeamCountry "CZE"]

1. e4 e6 2. d4 d5 3. Nd2 c5 4. c3 cxd4 5. cxd4 Nc6 6. Ngf3 dxe4 7. Nxe4 Nf6 8. Nxf6+ Qxf6 9. a3 h6 10. Bc4 Bd6 11. 0-0 0-0 12. Be3 Ne7 13. Ne5 Nf5 14. Ng4 Qh4 15. g3 Nxe3 16. fxe3 Qg5 17. Qe2 Bd7 18. Nf2 Bc6 19. e4 h5 20. e5 Be7 21. Ne4 Bxe4 22. Qxe4 Rac8 23. Bd3 g6 24. Rf2 Rc1+ 25. Rxc1 Qxc1+ 26. Kg2 Qc6 27. Rc2 Qxe4+ 28. Bxe4 Rd8 29. Rc7 Kf8 30. Rxb7 Rxd4 31. Bf3 Rd2+ 32. Kf1 Rxh2 33. Bg2 h4 34. gxh4 Rxh4 35. Rxa7 Bc5 36. Ra8+ Kg7 37. b4 Bd4 38. b5 Rf4+ 39. Ke1 Bxe5 40. b6 Rg4 41. Bc6 Rc4 42. Bb5 Rc1+ 43. Kd2 Rb1 44. a4 g5 45. Ke2 g4 46. b7 g3 47. Bc6 Rb2+ 48. Kf1 Rb1+ 49. Ke2 Rb2+ 50. Kf1 Rb1+ 1/2-1/2

[Event "CZE-chT2B 1819"]
[Site "Czech Republic"]
[Date "2018.12.02"]
[Round "4.7"]
[White "Havranek, Tomas"]
[Black "Huttner, Milos"]
[Result "0-1"]
[WhiteElo "2055"]
[BlackElo "2016"]
[PlyCount "128"]
[EventDate "2018.10.14"]
[EventType "team-tourn"]
[EventRounds "11"]
[EventCountry "CZE"]
[SourceTitle "EXT 2022"]
[Source "ChessBase"]
[SourceDate "2021.10.06"]
[SourceVersion "1"]
[SourceVersionDate "2021.10.06"]
[SourceQuality "1"]
[WhiteTeam "Decin"]
[BlackTeam "Karlovy Vary Tietz II"]
[WhiteTeamCountry "CZE"]
[BlackTeamCountry "CZE"]

1. e4 c5 2. Nf3 d6 3. Bb5+ Bd7 4. a4 Nc6 5. 0-0 Nf6 6. Re1 e6 7. c3 Be7 8. d4 cxd4 9. cxd4 a6 10. Bf1 d5 11. e5 Ne4 12. Nc3 Nxc3 13. bxc3 Na5 14. Bd3 Rc8 15. Bd2 Nc4 16. Bc1 Qa5 17. Qc2 b5 18. Nd2 Nb6 19. Re3 Nxa4 20. Nb3 Qxc3 21. Qd1 Qc7 22. Rg3 g6 23. Qe2 Qb6 24. Bd2 Nc3 25. Qe1 Na4 26. Qe2 Qb7 27. Rf1 Nb6 28. Nc5 Rxc5 29. dxc5 Bxc5 30. Bh6 Nc4 31. Bg7 Rg8 32. Bf6 a5 33. Qh5 gxh5 34. Rxg8+ Bf8 35. Bg7 Bc6 36. Bxf8 Kd7 37. Rg7 Nxe5 38. Bxh7 Kd8 39. Bd6 Nc4 40. Bc5 Be8 41. f4 Qc6 42. Bd4 b4 43. Bf6+ Kc7 44. Bg8 Qc5+ 45. Kh1 Ne3 46. Bxf7 Nxf1 47. Bxe8+ Kb6 48. Bd8+ Ka6 49. Rc7 Qf8 50. Rc6+ Kb5 51. Rxe6+ Kc4 52. Bf6 Nd2 53. Rc6+ Kb3 54. Bxh5 Nc4 55. Bd1+ Ka3 56. Re6 Qf7 57. f5 a4 58. Ra6 b3 59. g4 Qb7 60. Re6 b2 61. Bxb2+ Qxb2 62. Be2 Qc1+ 63. Kg2 Qf4 64. h4 Ne5 0-1

[Event "CZE-chT2A 1617"]
[Site "Czech Republic"]
[Date "2017.03.19"]
[Round "10.1"]
[White "Huttner, Milos"]
[Black "Michalek, Jan"]
[Result "0-1"]
[WhiteElo "2036"]
[BlackElo "2260"]
[PlyCount "88"]
[EventDate "2016.10.09"]
[EventType "team-tourn"]
[EventRounds "11"]
[EventCountry "CZE"]
[SourceTitle "EXT 2022"]
[Source "ChessBase"]
[SourceDate "2021.10.06"]
[SourceVersion "1"]
[SourceVersionDate "2021.10.06"]
[SourceQuality "1"]
[WhiteTeam "Karlovy Vary Tietz II"]
[BlackTeam "Kozolupy"]
[WhiteTeamCountry "CZE"]
[BlackTeamCountry "CZE"]

1. e4 c5 2. Nf3 e6 3. d4 cxd4 4. Nxd4 Nf6 5. Nc3 Nc6 6. Be3 Bb4 7. Bd3 0-0 8. 0-0 d5 9. exd5 exd5 10. Nce2 Ng4 11. Bf4 Qf6 12. Bg3 Nge5 13. c3 Bc5 14. Qc2 Nxd3 15. Qxd3 Bg4 16. f3 Bf5 17. Qd2 Nxd4 18. Nxd4 Bxd4+ 19. cxd4 Rac8 20. Rac1 Qa6 21. a3 f6 22. Rxc8 Rxc8 23. Rc1 Rc4 24. Bf2 Qc6 25. Rc3 Kf7 26. Qe3 Be6 27. Qc1 b5 28. Rxc4 dxc4 29. Qc3 Bd5 30. Be1 Qe6 31. Kf2 Qf5 32. Bd2 g5 33. Qa5 Qd7 34. Bb4 g4 35. f4 Bc6 36. Bc5 Qd5 37. Qc7+ Kg6 38. f5+ Qxf5+ 39. Kg3 Qd3+ 40. Kxg4 Qe4+ 41. Qf4 h5+ 42. Kg3 h4+ 43. Qxh4 Qxg2+ 44. Kf4 Qf3# 0-1

[Event "CZE-chT2A 1617"]
[Site "Czech Republic"]
[Date "2017.02.26"]
[Round "9.1"]
[White "Palek, Miroslav"]
[Black "Huttner, Milos"]
[Result "1/2-1/2"]
[WhiteElo "2177"]
[BlackElo "2036"]
[PlyCount "39"]
[EventDate "2016.10.09"]
[EventType "team-tourn"]
[EventRounds "11"]
[EventCountry "CZE"]
[SourceTitle "EXT 2022"]
[Source "ChessBase"]
[SourceDate "2021.10.06"]
[SourceVersion "1"]
[SourceVersionDate "2021.10.06"]
[SourceQuality "1"]
[WhiteTeam "Domazlice"]
[BlackTeam "Karlovy Vary Tietz II"]
[WhiteTeamCountry "CZE"]
[BlackTeamCountry "CZE"]

1. d4 d5 2. Bg5 Nf6 3. Bxf6 gxf6 4. e3 Bf5 5. c4 c6 6. Nc3 e6 7. Bd3 Bg6 8. Nge2 dxc4 9. Bxc4 Bd6 10. Bd3 Nd7 11. h4 Qa5 12. a3 0-0-0 13. b4 Qh5 14. Ne4 Bc7 15. Qa4 Kb8 16. f3 Ne5 17. Rd1 Nxf3+ 18. gxf3 Qxf3 19. Nf2 Qxe3 20. Rh3 1/2-1/2

[Event "CZE-chT2A 1516"]
[Site "Czech Republic"]
[Date "2016.02.21"]
[Round "8.7"]
[White "Bretsnajdr, Vladimir"]
[Black "Huttner, Milos"]
[Result "1/2-1/2"]
[WhiteElo "2263"]
[BlackElo "2058"]
[PlyCount "114"]
[EventDate "2015.10.18"]
[EventType "team-tourn"]
[EventRounds "11"]
[EventCountry "CZE"]
[SourceTitle "EXT 2022"]
[Source "ChessBase"]
[SourceDate "2021.10.06"]
[SourceVersion "1"]
[SourceVersionDate "2021.10.06"]
[SourceQuality "1"]
[WhiteTeam "Unichess III"]
[BlackTeam "Karlovy Vary Tietz"]
[WhiteTeamCountry "CZE"]
[BlackTeamCountry "CZE"]

1. c4 e5 2. Nc3 Nf6 3. g3 d5 4. cxd5 Nxd5 5. Bg2 Be6 6. Nf3 Nc6 7. 0-0 Be7 8. d3 Qd7 9. Ng5 Bxg5 10. Bxg5 f6 11. Bd2 Nxc3 12. bxc3 0-0-0 13. Qa4 Bd5 14. Rab1 Bxg2 15. Kxg2 h5 16. h3 g5 17. Be3 b6 18. c4 Kb8 19. c5 Nd4 20. Qxd7 Rxd7 21. Rb2 Rg8 22. a4 f5 23. a5 Rg6 24. Rfb1 Kb7 25. cxb6 cxb6 26. axb6 axb6 27. f3 f4 28. Bf2 Rdd6 29. Ra1 g4 30. fxg4 hxg4 31. h4 Nxe2 32. Rd2 f3+ 33. Kf1 e4 34. Rad1 e3 35. Bxe3 Nxg3+ 36. Kf2 Nf5 37. Bg5 Rd4 38. Re1 Rgd6 39. Re5 R4d5 40. Re4 Rd4 41. Rb2 Kc6 42. Rc2+ Kd5 43. Rc4 Rxc4 44. Rxc4 Nd4 45. Be3 Ke5 46. h5 g3+ 47. Kxg3 Nf5+ 48. Kxf3 Rxd3 49. Re4+ Kf6 50. Kf4 Nxe3 51. Rxe3 Rd5 52. Rc3 b5 53. Rc6+ Kg7 54. Kg4 Kh7 55. Rb6 Rc5 56. Rb7+ Kh6 57. Rb6+ Kh7 1/2-1/2

[Event "CZE-chT2A 1415"]
[Site "Czech Republic"]
[Date "2015.04.19"]
[Round "11.4"]
[White "Cap, Adam"]
[Black "Huttner, Milos"]
[Result "1-0"]
[WhiteElo "2113"]
[BlackElo "2065"]
[PlyCount "123"]
[EventDate "2014.11.02"]
[EventType "team-tourn"]
[EventRounds "11"]
[EventCountry "CZE"]
[SourceTitle "EXT 2022"]
[Source "ChessBase"]
[SourceDate "2021.10.06"]
[SourceVersion "1"]
[SourceVersionDate "2021.10.06"]
[SourceQuality "1"]
[WhiteTeam "Kladno"]
[BlackTeam "Karlovy Vary II"]
[WhiteTeamCountry "CZE"]
[BlackTeamCountry "CZE"]

1. e4 c5 2. c4 Nc6 3. Nc3 g6 4. g3 Bg7 5. Bg2 e6 6. Nge2 Nge7 7. d3 0-0 8. Be3 Nd4 9. f4 Nec6 10. 0-0 d6 11. Rb1 a6 12. a3 Rb8 13. b4 b5 14. Qd2 Bd7 15. Rfc1 Qe7 16. cxb5 axb5 17. bxc5 dxc5 18. e5 Rfc8 19. Ne4 Nxe2+ 20. Qxe2 Nd4 21. Qf2 Bf8 22. Nd6 Rd8 23. Bxd4 cxd4 24. Rc7 Rb6 25. Qxd4 Rxd6 26. exd6 Qxd6 27. Qxd6 Bxd6 28. Rc3 e5 29. fxe5 Bxe5 30. Rcc1 h5 31. Kh1 Bd4 32. Rc7 Be8 33. Rbc1 Kf8 34. Rc8 Rxc8 35. Rxc8 Ke7 36. Bc6 Bxc6+ 37. Rxc6 Bb2 38. Rb6 Bxa3 39. Rxb5 Ke6 40. Kg2 Bd6 41. h3 f5 42. Kf3 g5 43. g4 fxg4+ 44. hxg4 hxg4+ 45. Kxg4 Bf4 46. Kf3 Kd6 47. Ke4 Bd2 48. Rb6+ Ke7 49. Kf5 Kd7 50. Rg6 Ke7 51. d4 Bc1 52. Re6+ Kd7 53. d5 Bf4 54. Ke4 Bd6 55. Rg6 Bf4 56. Kd4 Bd2 57. Re6 Bf4 58. Kc5 Bb8 59. Ra6 Bf4 60. Ra7+ Ke8 61. Kc6 g4 62. Ra4 1-0

[Event "CZE-chT2A 1415"]
[Site "Czech Republic"]
[Date "2015.03.15"]
[Round "9.4"]
[White "Pribylova, Ruzena"]
[Black "Huttner, Milos"]
[Result "0-1"]
[WhiteElo "1932"]
[BlackElo "2065"]
[PlyCount "68"]
[EventDate "2014.11.02"]
[EventType "team-tourn"]
[EventRounds "11"]
[EventCountry "CZE"]
[SourceTitle "EXT 2022"]
[Source "ChessBase"]
[SourceDate "2021.10.06"]
[SourceVersion "1"]
[SourceVersionDate "2021.10.06"]
[SourceQuality "1"]
[WhiteTeam "Praha Dopravni podnik"]
[BlackTeam "Karlovy Vary II"]
[WhiteTeamCountry "CZE"]
[BlackTeamCountry "CZE"]

1. e4 c5 2. Nf3 d6 3. d4 cxd4 4. Nxd4 Nf6 5. Nc3 g6 6. Be2 Bg7 7. Be3 0-0 8. 0-0 Nc6 9. Kh1 Bd7 10. f4 Rc8 11. Qd2 a6 12. Bf3 Na5 13. b3 Qc7 14. Nd5 Nxd5 15. exd5 e5 16. dxe6 fxe6 17. Rad1 d5 18. Rf2 b5 19. Bg4 Rfe8 20. Qe2 Nb7 21. a4 Nd6 22. Bf3 bxa4 23. Qxa6 Ra8 24. Qd3 a3 25. c3 Rec8 26. Rc2 Nf5 27. Ra1 Nxe3 28. Qxe3 Qb6 29. Qd3 Bxd4 30. cxd4 Rxc2 31. Qxc2 Qxd4 32. Ra2 Rc8 33. Qd2 Qxd2 34. Rxd2 Rc1+ 0-1

[Event "CZE-chT2A 1415"]
[Site "Czech Republic"]
[Date "2015.02.22"]
[Round "8.3"]
[White "Havlik, Jindrich"]
[Black "Huttner, Milos"]
[Result "1/2-1/2"]
[WhiteElo "2128"]
[BlackElo "2065"]
[PlyCount "103"]
[EventDate "2014.11.02"]
[EventType "team-tourn"]
[EventRounds "11"]
[EventCountry "CZE"]
[SourceTitle "EXT 2022"]
[Source "ChessBase"]
[SourceDate "2021.10.06"]
[SourceVersion "1"]
[SourceVersionDate "2021.10.06"]
[SourceQuality "1"]
[WhiteTeam "Klatovy"]
[BlackTeam "Karlovy Vary II"]
[WhiteTeamCountry "CZE"]
[BlackTeamCountry "CZE"]

1. e4 c5 2. Nf3 d6 3. d4 cxd4 4. Nxd4 Nf6 5. Nc3 g6 6. Bc4 Bg7 7. Be3 0-0 8. f3 Nc6 9. Bb3 Bd7 10. Qd2 Rc8 11. 0-0-0 Ne5 12. Kb1 Nc4 13. Bxc4 Rxc4 14. g4 a6 15. h4 h5 16. Nd5 e5 17. Nxf6+ Qxf6 18. g5 Qe7 19. Nb3 Rfc8 20. Qxd6 Qxd6 21. Rxd6 Be6 22. c3 R4c6 23. Rxc6 Rxc6 24. Na5 Rc7 25. Rd1 b5 26. Rd8+ Kh7 27. Bb6 Rd7 28. Kc2 f6 29. Rxd7 Bxd7 30. Bd8 fxg5 31. Bxg5 Bh6 32. Bf6 Bf4 33. Kd3 g5 34. Bxg5 Bxg5 35. hxg5 Kg6 36. Ke3 Kxg5 37. Nb7 h4 38. Nc5 Bc8 39. Nd3 Kf6 40. b3 Ke6 41. Nf2 Kd6 42. Ng4 Be6 43. Kf2 a5 44. Kg2 a4 45. bxa4 bxa4 46. a3 Bc4 47. f4 exf4 48. Kf3 Be6 49. Nf2 Kc5 50. Nd3+ Kc4 51. Nxf4 Bf7 52. Kg4 1/2-1/2

[Event "CZE-chT1W 1415"]
[Site "Czech Republic"]
[Date "2014.12.07"]
[Round "4.8"]
[White "Huttner, Milos"]
[Black "Munk, Petr"]
[Result "0-1"]
[WhiteElo "2065"]
[BlackElo "2129"]
[PlyCount "56"]
[EventDate "2014.10.19"]
[EventType "team-tourn"]
[EventRounds "11"]
[EventCountry "CZE"]
[SourceTitle "CBM 163 Extra"]
[Source "ChessBase"]
[SourceDate "2014.12.23"]
[SourceVersion "1"]
[SourceVersionDate "2014.12.23"]
[SourceQuality "1"]
[WhiteTeam "Karlovy Vary"]
[BlackTeam "Lysa nad Labem II"]
[WhiteTeamCountry "CZE"]
[BlackTeamCountry "CZE"]

1. e4 c5 2. Nf3 Nc6 3. d4 cxd4 4. Nxd4 Nf6 5. Nc3 d6 6. h3 g6 7. Be3 Bg7 8. Qd2 0-0 9. g4 d5 10. Nxc6 bxc6 11. e5 Nd7 12. f4 Rb8 13. Na4 g5 14. Bd3 gxf4 15. Bxf4 Nxe5 16. Bxe5 Bxe5 17. Qh6 f5 18. gxf5 Bf6 19. Rg1+ Kh8 20. Rg4 Ba6 21. Nc5 Bxd3 22. Nxd3 Qd6 23. Rg6 c5 24. Qh5 Rg8 25. 0-0-0 c4 26. Rxf6 Qxf6 27. Nf4 Qxb2+ 28. Kd2 Qd4+ 0-1

[Event "CZE-chT2A 1415"]
[Site "Czech Republic"]
[Date "2014.11.30"]
[Round "3.4"]
[White "Novak, Petr1111"]
[Black "Huttner, Milos"]
[Result "1/2-1/2"]
[WhiteElo "2205"]
[BlackElo "2065"]
[PlyCount "96"]
[EventDate "2014.11.02"]
[EventType "team-tourn"]
[EventRounds "11"]
[EventCountry "CZE"]
[SourceTitle "EXT 2022"]
[Source "ChessBase"]
[SourceDate "2021.10.06"]
[SourceVersion "1"]
[SourceVersionDate "2021.10.06"]
[SourceQuality "1"]
[WhiteTeam "Praha Dukla"]
[BlackTeam "Karlovy Vary II"]
[WhiteTeamCountry "CZE"]
[BlackTeamCountry "CZE"]

1. d4 d5 2. Nf3 Nf6 3. c4 c6 4. Nc3 e6 5. Bg5 dxc4 6. a4 Nbd7 7. e4 Qa5 8. Bd2 Bb4 9. Bxc4 0-0 10. 0-0 e5 11. d5 Nb6 12. Bb3 cxd5 13. Nxd5 Nbxd5 14. exd5 Bg4 15. Bxb4 Qxb4 16. h3 Bh5 17. Bc2 Rad8 18. Qd2 Qxd2 19. Nxd2 Rxd5 20. Nc4 Be2 21. Ne3 Rd2 22. Rfe1 g6 23. Rac1 Rc8 24. b4 e4 25. g4 Bd3 26. Bb3 Rxc1 27. Rxc1 Rb2 28. Rc3 Nd7 29. g5 Ne5 30. h4 Nf3+ 31. Kg2 Nxh4+ 32. Kg3 Nf5+ 33. Nxf5 gxf5 34. Bd5 f4+ 35. Kxf4 Rxf2+ 36. Ke3 Rf3+ 37. Kd4 b6 38. Rc7 a5 39. bxa5 bxa5 40. Ra7 Rf5 41. Rxa5 Kg7 42. Ra8 Bc2 43. a5 Rxg5 44. a6 Rg3 45. a7 Rd3+ 46. Ke5 Ra3 47. Rc8 e3 48. Rxc2 Rxa7 1/2-1/2

[Event "CZE-chT1W 1415"]
[Site "Czech Republic"]
[Date "2014.10.19"]
[Round "1.8"]
[White "Novotny, Jaroslav"]
[Black "Huttner, Milos"]
[Result "0-1"]
[WhiteElo "2196"]
[BlackElo "2065"]
[PlyCount "102"]
[EventDate "2014.10.19"]
[EventType "team-tourn"]
[EventRounds "11"]
[EventCountry "CZE"]
[SourceTitle "EXT 2015"]
[Source "ChessBase"]
[SourceDate "2014.11.20"]
[SourceVersion "1"]
[SourceVersionDate "2014.11.20"]
[SourceQuality "1"]
[WhiteTeam "Jicin"]
[BlackTeam "Karlovy Vary"]
[WhiteTeamCountry "CZE"]
[BlackTeamCountry "CZE"]

1. e4 c5 2. Nf3 d6 3. d4 cxd4 4. Nxd4 Nf6 5. Nc3 g6 6. g3 Bg7 7. Bg2 0-0 8. 0-0 Bg4 9. Nde2 Nc6 10. h3 Bd7 11. Nd5 Rc8 12. c3 b5 13. Bg5 Nxd5 14. exd5 Ne5 15. Nd4 h6 16. Bc1 a5 17. f4 Nc4 18. b3 Nb6 19. Bb2 Rc5 20. Qd2 Qc8 21. Kh2 Nxd5 22. b4 axb4 23. cxb4 Nxb4 24. Qxb4 Rc4 25. Qd2 Bxd4 26. Bxd4 Rc2 27. Qe3 Bxh3 28. Rf2 Bxg2 29. Kxg2 Qb7+ 30. Kh2 Rfc8 31. Raf1 Qd7 32. Qd3 Qc6 33. Qxc2 Qxc2 34. Rxc2 Rxc2+ 35. Rf2 Rxf2+ 36. Bxf2 e5 37. Be3 h5 38. Kg2 f6 39. Kf3 Kf7 40. Bd2 Ke6 41. Bb4 d5 42. Bc5 Kf5 43. fxe5 fxe5 44. Bd6 g5 45. Be7 d4 46. Ke2 e4 47. Bc5 d3+ 48. Ke3 h4 49. gxh4 gxh4 50. Bd6 Ke6 51. Bc7 b4 0-1

[Event "CZE-chT2A 1314"]
[Site "Czech Republic"]
[Date "2014.03.02"]
[Round "9.7"]
[White "Pokorny, Petr"]
[Black "Huttner, Milos"]
[Result "1-0"]
[WhiteElo "2171"]
[BlackElo "2017"]
[PlyCount "121"]
[EventDate "2013.11.03"]
[EventType "team-tourn"]
[EventRounds "11"]
[EventCountry "CZE"]
[SourceTitle "EXT 2015"]
[Source "ChessBase"]
[SourceDate "2014.11.20"]
[SourceVersion "1"]
[SourceVersionDate "2014.11.20"]
[SourceQuality "1"]
[WhiteTeam "Postovni sporitelna II"]
[BlackTeam "Karlovy Vary II"]
[WhiteTeamCountry "CZE"]
[BlackTeamCountry "CZE"]

1. d4 d5 2. c4 c6 3. Nf3 Nf6 4. Nc3 e6 5. cxd5 cxd5 6. Bf4 Nc6 7. e3 Bd6 8. Bg3 a6 9. Bd3 0-0 10. Ne5 Qc7 11. f4 Ne4 12. Nxe4 dxe4 13. Bxe4 Bb4+ 14. Kf2 Nxe5 15. fxe5 Qe7 16. Rf1 Rb8 17. Qh5 g6 18. Qh6 Re8 19. Kg1 Qf8 20. Qf4 Bd7 21. Rac1 Bb5 22. Rf2 Rbc8 23. Rxc8 Rxc8 24. Rc2 Rxc2 25. Bxc2 Qc8 26. Qf2 Qc4 27. a3 Be7 28. h3 Bc6 29. Kh2 Qa2 30. Bd1 Be4 31. Bf3 Qb1 32. Bxe4 Qxe4 33. Qf3 Qd5 34. Qxd5 exd5 35. Kg1 Kf8 36. Kf2 Ke8 37. e4 dxe4 38. Ke3 f5 39. exf6 Bxf6 40. Kxe4 Kd7 41. Kd5 Bg5 42. Be1 Bc1 43. Bc3 Be3 44. a4 Bf2 45. Kc5 Kc7 46. Bd2 Kc8 47. Bf4 Bg1 48. Be5 Kd7 49. b4 Bf2 50. Kb6 Kc8 51. b5 axb5 52. axb5 g5 53. Ka7 h5 54. b6 g4 55. hxg4 hxg4 56. d5 Be3 57. d6 Bf2 58. Bf4 Bd4 59. d7+ Kxd7 60. Kxb7 Ke6 61. Ka6 1-0

[Event "CZE-chT2A 1314"]
[Site "Czech Republic"]
[Date "2013.11.17"]
[Round "2.8"]
[White "Huttner, Milos"]
[Black "Landa, Jiri"]
[Result "1-0"]
[WhiteElo "2017"]
[BlackElo "1909"]
[PlyCount "51"]
[EventDate "2013.11.03"]
[EventType "team-tourn"]
[EventRounds "11"]
[EventCountry "CZE"]
[SourceTitle "EXT 2015"]
[Source "ChessBase"]
[SourceDate "2014.11.20"]
[SourceVersion "1"]
[SourceVersionDate "2014.11.20"]
[SourceQuality "1"]
[WhiteTeam "Karlovy Vary II"]
[BlackTeam "Pisek"]
[WhiteTeamCountry "CZE"]
[BlackTeamCountry "CZE"]

1. e4 c5 2. Nf3 d6 3. d4 cxd4 4. Nxd4 Nf6 5. Nc3 g6 6. Be3 Bg7 7. f3 Nc6 8. Qd2 0-0 9. g4 h5 10. gxh5 Nxh5 11. 0-0-0 Qa5 12. Bc4 Bh3 13. Rhg1 Nxd4 14. Bxd4 Bxd4 15. Qxd4 Kh7 16. Nd5 e5 17. Qe3 Rac8 18. Bb3 Be6 19. Qd2 Qxd2+ 20. Rxd2 Rc5 21. Rgd1 Rd8 22. Nc3 Rc6 23. Bd5 Bxd5 24. Nxd5 Kg8 25. Ne7+ Kf8 26. Nxc6 1-0

[Event "CZE-chT2A 1213"]
[Site "Czech Republic"]
[Date "2013.01.06"]
[Round "6.2"]
[White "Toman, Jaroslav"]
[Black "Huttner, Milos"]
[Result "1-0"]
[WhiteElo "2219"]
[BlackElo "2002"]
[PlyCount "131"]
[EventDate "2012.10.14"]
[EventType "team-tourn"]
[EventRounds "11"]
[EventCountry "CZE"]
[SourceTitle "EXT 2015"]
[Source "ChessBase"]
[SourceDate "2014.11.20"]
[SourceVersion "1"]
[SourceVersionDate "2014.11.20"]
[SourceQuality "1"]
[WhiteTeam "Tachov"]
[BlackTeam "Karlovy Vary II"]
[WhiteTeamCountry "CZE"]
[BlackTeamCountry "CZE"]

1. e4 c5 2. Nf3 d6 3. d4 cxd4 4. Nxd4 Nf6 5. Nc3 g6 6. h4 h5 7. Bg5 Bg7 8. Qd2 Nc6 9. 0-0-0 0-0 10. Nb3 Be6 11. f3 a5 12. Kb1 a4 13. Nc1 a3 14. b3 Qa5 15. Nb5 Rfc8 16. Qxa5 Rxa5 17. Bd2 Raa8 18. c4 Nd7 19. Ne2 Nc5 20. Bc3 Ne5 21. Ned4 Bd7 22. Be2 Bh6 23. g3 Kh7 24. Rhe1 Be3 25. f4 Ng4 26. f5 Bf2 27. Bxg4 Bxe1 28. fxg6+ fxg6 29. Bxd7 Bxc3 30. Bxc8 Bxd4 31. Bxb7 Nxb7 32. Rxd4 Nc5 33. Nc3 Rf8 34. b4 Rf1+ 35. Kc2 Ne6 36. Rd3 g5 37. hxg5 Nxg5 38. c5 dxc5 39. bxc5 Rf6 40. Kb3 Rc6 41. Kc4 Kg6 42. Kb5 Rc8 43. Kb6 Ne6 44. c6 Rb8+ 45. Ka7 Rb4 46. Nd5 Rxe4 47. c7 Nxc7 48. Nxc7 Re2 49. Rxa3 Kg5 50. Nd5 Kg4 51. Nf4 Rc2 52. Ng6 Re2 53. Kb7 e5 54. Kc6 e4 55. Kd5 e3 56. Ke4 Rf2 57. Rxe3 Rxa2 58. Ne5+ Kg5 59. Kf3 Ra1 60. Nd3 Rf1+ 61. Nf2 Kf5 62. Ra3 Kg5 63. Ra5+ Kg6 64. Kg2 Rb1 65. Kh3 Rf1 66. Nd3 1-0

[Event "CZE-chT2A 1213"]
[Site "Czech Republic"]
[Date "2012.10.14"]
[Round "1.2"]
[White "Huttner, Milos"]
[Black "Tichy, Stepan"]
[Result "1/2-1/2"]
[WhiteElo "2002"]
[BlackElo "2147"]
[PlyCount "62"]
[EventDate "2012.10.14"]
[EventType "team-tourn"]
[EventRounds "11"]
[EventCountry "CZE"]
[SourceTitle "EXT 2015"]
[Source "ChessBase"]
[SourceDate "2014.11.20"]
[SourceVersion "1"]
[SourceVersionDate "2014.11.20"]
[SourceQuality "1"]
[WhiteTeam "Karlovy Vary II"]
[BlackTeam "Karlovy Vary"]
[WhiteTeamCountry "CZE"]
[BlackTeamCountry "CZE"]

1. e4 e6 2. d4 d5 3. Nc3 Bb4 4. e5 c5 5. a3 Bxc3+ 6. bxc3 Qc7 7. Qg4 Ne7 8. Qxg7 Rg8 9. Qxh7 cxd4 10. Ne2 Nbc6 11. f4 Bd7 12. Qd3 dxc3 13. Nxc3 a6 14. h3 Rc8 15. Bd2 Na5 16. Qh7 Nc4 17. Bxc4 Qxc4 18. g4 Bc6 19. Qd3 Qc5 20. Be3 Qa5 21. Bd4 Bd7 22. Qd2 Rc4 23. Ne2 Qc7 24. c3 Nc6 25. Be3 Na5 26. Rb1 Bb5 27. Nd4 Bd7 28. Ne2 b5 29. Rb4 Rc6 30. Bd4 Nc4 31. Qa2 Qd8 1/2-1/2

[Event "CZE-chT2B 1112"]
[Site "Czech Republic"]
[Date "2012.02.05"]
[Round "7.7"]
[White "Huttner, Milos"]
[Black "Jenicek, Emil"]
[Result "0-1"]
[WhiteElo "2027"]
[BlackElo "2101"]
[PlyCount "46"]
[EventDate "2011.10.09"]
[EventType "team-tourn"]
[EventRounds "11"]
[EventCountry "CZE"]
[SourceTitle "EXT 2013"]
[Source "ChessBase"]
[SourceDate "2012.11.22"]
[SourceVersion "1"]
[SourceVersionDate "2012.11.22"]
[SourceQuality "1"]
[WhiteTeam "Karlovy Vary"]
[BlackTeam "Most Chess"]
[WhiteTeamCountry "CZE"]
[BlackTeamCountry "CZE"]

1. e4 e5 2. Nf3 Nc6 3. Bb5 a6 4. Ba4 Nf6 5. 0-0 Be7 6. Re1 b5 7. Bb3 0-0 8. c3 d5 9. d4 dxe4 10. Nxe5 Bb7 11. Nd2 Nxe5 12. dxe5 Nd7 13. Nxe4 Nxe5 14. Qh5 Nd3 15. Ng5 Bxg5 16. Bxg5 Qc8 17. Bf6 gxf6 18. Re3 Nf4 19. Rg3+ Kh8 20. Qd1 Re8 21. Kf1 Bxg2+ 22. Kg1 Qb7 23. f3 Qb6+ 0-1

[Event "CZE-chT2B 1011"]
[Site "Czech Republic"]
[Date "2010.10.17"]
[Round "1.8"]
[White "Mikes, Jan"]
[Black "Huttner, Milos"]
[Result "1/2-1/2"]
[WhiteElo "1829"]
[BlackElo "2048"]
[PlyCount "82"]
[EventDate "2010.10.17"]
[EventType "team-tourn"]
[EventRounds "11"]
[EventCountry "CZE"]
[SourceTitle "EXT 2012"]
[Source "ChessBase"]
[SourceDate "2011.11.24"]
[SourceVersion "1"]
[SourceVersionDate "2011.11.24"]
[SourceQuality "1"]
[WhiteTeam "Usti nad Labem"]
[BlackTeam "Karlovy Vary"]
[WhiteTeamCountry "CZE"]
[BlackTeamCountry "CZE"]

1. e4 e6 2. d4 d5 3. Nd2 c5 4. exd5 exd5 5. dxc5 Bxc5 6. Ngf3 Nf6 7. Bd3 0-0 8. 0-0 Bg4 9. c3 Nc6 10. Qa4 a6 11. Nb3 Bd6 12. Nbd4 Qd7 13. Qc2 Rfe8 14. Be3 Ne4 15. Nd2 Qe7 16. Nxe4 dxe4 17. Be2 Ne5 18. Qxe4 Qh4 19. g3 Qh5 20. Bxg4 Nxg4 21. Qg2 Nxe3 22. fxe3 Rxe3 23. Rf5 Qg6 24. Raf1 Rae8 25. Rxf7 Bxg3 26. R7f5 Qd6 27. Rg5 Be5 28. Nf5 Qb6 29. Nxe3 Qxe3+ 30. Kh1 Rd8 31. Qxb7 h6 32. Qf7+ Kh8 33. Rg2 Qe4 34. Qf2 Bf6 35. Re1 Qd5 36. a3 Qc4 37. Rg6 Bh4 38. Qa7 Qd5+ 39. Rg2 Rd7 40. Qb8+ Kh7 41. Rf1 Rf7 1/2-1/2